Statistics for Africa+Eurasia Countries English To Turkish

Click here to take the quiz!

General Stats

  • This quiz has been taken 104 times
  • The average score is 115 of 148

Answer Stats

EnglishTürkçe% Correct
South AfricaGüney Afrika
97%
MadagascarMadagaskar
93%
MozambiqueMozambik
89%
LesothoLesotho
88%
ZimbabweZimbabve
88%
AngolaAngola
87%
KenyaKenya
87%
BotswanaBotsvana
85%
BurundiBurundi
85%
SudanSudan
85%
TogoTogo
85%
BeninBenin
84%
GabonGabon
84%
GhanaGana
84%
GuineaGine
84%
South SudanGüney Sudan
84%
LiberiaLiberya
84%
MaliMali
84%
NigerNijer
84%
SomaliaSomali
84%
ZambiaZambiya
84%
ChadÇad
83%
EthiopiaEtiyopya
83%
SenegalSenegal
83%
TanzaniaTanzanya
83%
UgandaUganda
83%
NamibiaNamibya
82%
NigeriaNijerya
82%
Central African Republic/CAROrta Afrika Cumhuriyeti/OAC
82%
RussiaRusya
82%
EritreaEritre
81%
EswatiniEsvatini
81%
GambiaGambiya
81%
Spainİspanya
81%
CameroonKamerun
81%
Republic of CongoKongo Cumhuriyeti
81%
LibyaLibya
81%
EgyptMısır
81%
PolandPolonya
81%
PortugalPortekiz
81%
AustriaAvusturya
80%
Burkina FasoBurkina Faso
80%
Italyİtalya
80%
TunusiaTunus
80%
TurkeyTürkiye
80%
BelarusBelarus
79%
ChinaÇin
79%
EstoniaEstonya
79%
MoroccoFas
79%
FinlandFinlandiya
79%
IraqIrak
79%
Swedenİsveç
79%
Switzerlandİsviçre
79%
CyprusKıbrıs
79%
LaosLaos
79%
MalawiMalavi
79%
NorwayNorveç
79%
SlovakiaSlovakya
79%
UkraineUkrayna
79%
GermanyAlmanya
78%
BelgiumBelçika
78%
Bosnia and HerzegovinaBosna Hersek
78%
CzechiaÇekya
78%
DenmarkDanimarka
78%
Equatorial GuineaEkvator Ginesi
78%
FranceFransa
78%
South KoreaGüney Kore
78%
Iranİran
78%
Irelandİrlanda
78%
Israelİsrail
78%
Icelandİzlanda
78%
JapanJaponya
78%
KuwaitKuveyt
78%
North MacedoniaKuzey Makedonya
78%
LebanonLübnan
78%
MaltaMalta
78%
NepalNepal
78%
PakistanPakistan
78%
SeychellesSeyşeller
78%
SyriaSuriye
78%
VaticanVatikan
78%
YemenYemen
78%
GreeceYunanistan
78%
AfghanistanAfganistan
76%
AndorraAndora
76%
AzerbaijanAzerbaycan
76%
BahrainBahreyn
76%
United KingdomBirleşik Krallık
76%
BulgariaBulgaristan
76%
AlgeriaCezayir
76%
ArmeniaErmenistan
76%
GeorgiaGürcistan
76%
NetherlandsHollanda
76%
QatarKatar
76%
KazakhstanKazakistan
76%
North KoreaKuzey Kore
76%
LithuaniaLitvanya
76%
LuxembourgLüksemburg
76%
HungaryMacaristan
76%
MonacoMonako
76%
RomaniaRomanya
76%
RwandaRuanda
76%
San MarinoSan Marino
76%
SerbiaSırbistan
76%
SloveniaSlovenya
76%
ThailandTayland
76%
TurkmenistanTürkmenistan
76%
BangladeshBangladeş
75%
IndonesiaEndonezya
75%
IndiaHindistan
75%
KyrgyzstanKırgızistan
75%
KosovoKosova
75%
MaldivesMaldivler
75%
MongoliaMoğolistan
75%
MoldovaMoldova
75%
UzbekistanÖzbekistan
75%
SingaporeSingapur
75%
TajikistanTacikistan
75%
TaiwanTayvan
75%
OmanUmman
75%
JordanÜrdün
75%
VietnamVietnam
75%
DjiboutiCibuti
74%
East TimorDoğu Timor
74%
PhilippinesFilipinler
74%
PalestineFilistin
74%
CambodiaKamboçya
74%
LatviaLetonya
74%
MauritaniaMoritanya
74%
Sierra LeoneSierra Leone
74%
Saudi ArabiaSuudi Arabistan
74%
AlbaniaArnavutluk
73%
LiechtensteinLihtenştayn
73%
MalaysiaMalezya
73%
MyanmarMyanmar
73%
Sri LankaSri Lanka
73%
UAEBAE
72%
D.R.CongoDemokratik Kongo Cumhuriyeti
72%
BruneiBrunei
71%
CroatiaHırvatistan
71%
BhutanButan
70%
MontenegroKaradağ
70%
MauritiusMauritius
69%
Ivory CoastFildişi Sahili
66%
ComorosKomorlar
66%
São Tomé and PríncipeSao Tome ve Principe
62%
Cape VerdeYeşil Burun
53%
Gine-BissauGine-Bisau
46%

Score Distribution

Percentile by Number Answered

Percent of People with Each Score

Your Score History

You have not taken this quiz